Loading...
| Current Events | 1 | 10.00 | 0% | 100% | 0% |
| Fine Arts - Classical Music | 3 | 13.33 | 100% | 33% | 0% |
| Fine Arts - Other | 8 | 11.25 | 88% | 13% | 13% |
| Fine Arts - Painting & Sculpture | 9 | 10.00 | 78% | 22% | 0% |
| Geography | 4 | 17.50 | 75% | 100% | 0% |
| History - American | 7 | 12.86 | 86% | 43% | 0% |
| History - European | 4 | 12.50 | 75% | 50% | 0% |
| History - Other | 5 | 10.00 | 100% | 0% | 0% |
| History - World | 8 | 13.75 | 88% | 38% | 13% |
| Literature - American | 4 | 7.50 | 75% | 0% | 0% |
| Literature - British | 5 | 10.00 | 100% | 0% | 0% |
| Literature - European | 7 | 10.00 | 86% | 14% | 0% |
| Literature - World | 8 | 15.00 | 100% | 25% | 25% |
| Mythology | 3 | 13.33 | 100% | 33% | 0% |
| Other Academic | 3 | 16.67 | 100% | 33% | 33% |
| Philosophy | 9 | 8.89 | 78% | 11% | 0% |
| Religion | 3 | 13.33 | 100% | 33% | 0% |
| Science - Biology | 9 | 8.89 | 89% | 0% | 0% |
| Science - Chemistry | 4 | 7.50 | 75% | 0% | 0% |
| Science - Other | 7 | 14.29 | 86% | 57% | 0% |
| Science - Physics | 8 | 13.75 | 100% | 25% | 13% |
| Social Science | 6 | 6.67 | 67% | 0% | 0% |